[Event "RUS-chT Rapid Men 2018"]
[Site "Sochi"]
[Date "2018.10.09"]
[Round "8"]
[White "Iljiushenok, Ilia"]
[Black "Moiseenko, Vadim"]
[Result "0-1"]
[WhiteElo "2539"]
[BlackElo "2492"]
[Annotator "TA"]
[PlyCount "130"]
[EventDate "2018.10.05"]
[EventType "swiss"]
[EventCountry "RUS"]
[SourceTitle "playchess.com"]
[Source "ChessBase"]
[SourceQuality "1"]

{[%evp 9,130,65,97,27,30,29,69,10,12,14,14,4,12,-4,5,-15,-10,-10,78,68,102,126,228,202,235,243,253,233,238,236,249,236,241,234,234,181,185,194,184,176,224,210,222,227,209,174,160,162,227,227,218,218,243,247,242,225,231,208,227,227,222,112,110,117,114,114,106,89,108,83,86,76,76,87,141,91,126,121,129,108,112,102,125,131,157,162,155,0,0,0,0,0,0,0,0,-120,-127,-127,-127,-159,-159,-159,-159,-159,-159,-481,-475,-477,-451,-536,-526,-29977,-29978,-29978,-29979,-29977,-29978,-29978,-29979,-29979,-29980,-29980,-29980]} 1. e4 c6 2. d4 d5 3. exd5 Qxd5 4. Nc3 Qd8 5. Bc4 (5. Nf3 Bf5 6. Be2 e6 7. O-O Nd7 8. Bf4 Be7 9. Qd2 Ngf6 10. Rad1 O-O 11. Bg3 Nb6 12. Qc1 Nbd5 13. Nb1 {1-0 (49) Jakovenko,D (2710)-Levin,E (2532) Sochi 2017}) 5... Bf5 6. Nf3 {B01: Scandinavian Defence} ({Much weaker is} 6. Qh5 $6 e6 $11) (6. Bxf7+ $16 Kxf7 7. Qf3) 6... e6 $11 7. O-O Bd6 8. Ne2 ({White should play} 8. Re1 $14) 8... Nf6 9. Ng3 Bg6 10. c3 Nbd7 11. Qe2 Qc7 12. Re1 O-O 13. Ne5 {[#]} Rad8 $146 (13... Bxe5 $11 {remains equal.} 14. dxe5 Nd5) ({Predecessor:} 13... c5 14. Bb3 cxd4 15. cxd4 Bb4 16. Rd1 {½-½ (60) Godena,M (2487)-Zelcic,R (2544) Verona 2002}) 14. h4 $1 $36 {[%mdl 2048] White is pushing.} Nb6 15. Bb3 Bxe5 (15... Rde8 $16 {was called for.}) 16. dxe5 $18 Ne8 17. Bg5 Rd7 18. Rad1 {Hoping for h5.} h6 19. Rxd7 $1 Qxd7 20. Rd1 Nd5 {[#]} 21. Be3 $1 Qe7 22. h5 Nxe3 23. Qxe3 ({Weaker is} 23. fxe3 Bh7 $11) 23... Bh7 24. Qxa7 f6 25. Qd4 fxe5 26. Qxe5 Nc7 27. Re1 Kh8 28. Re2 ({Stronger than} 28. Bxe6 Re8 $17) 28... Qf7 (28... Rd8 $142 29. Nf5 Bxf5) 29. Bxe6 Nxe6 30. Qxe6 Qf4 31. Qe3 Qa4 32. b3 Qa3 33. c4 Qd6 34. Nf1 Qd1 35. Re1 ({White should try} 35. Qd2 $18 Qa1 36. Qb2 Qxb2 37. Rxb2) 35... Qxh5 $16 36. Nd2 Qa5 37. a4 Bc2 38. Rc1 Bg6 39. Nf3 Re8 40. Qc3 Qxc3 41. Rxc3 {[%mdl 4096] Endgame KRB-KRN} Re2 (41... c5 $142) 42. Nd4 Re1+ 43. Kh2 Re4 44. Nf3 Re2 45. Kg3 c5 46. Re3 Rxe3 47. fxe3 {KB-KN} Bc2 48. Nd2 $2 (48. a5 $16) 48... g5 $1 $11 {[%cal Bg7g5,Bg5g4][%mdl 32]} 49. a5 {Strongly threatening Kf3.} Kg7 50. Kf3 {Black must now prevent Ne4.} h5 51. g3 Kf6 52. e4 (52. g4 $11) 52... Ke5 $17 53. Ke3 g4 54. b4 cxb4 55. c5 Ba4 56. Nc4+ {[#]} Ke6 $1 57. Kf4 $2 (57. Nb2 $17 {is a better chance.} Bb5 58. Kf4) 57... b3 $19 58. Ke3 Bb5 59. Nb2 Ke5 60. Nd3+ Bxd3 {Black mates.} 61. Kxd3 b2 62. Kc2 {[#]} b1=Q+ $1 {[%mdl 512]} 63. Kxb1 h4 $1 64. c6 Kd6 65. cxb7 Kc7 {Precision: White = 55%, Black = 58%.} 0-1

[Event "RUS-chT Rapid Men 2018"]
[Site "Sochi"]
[Date "2018.10.09"]
[Round "8"]
[White "Sychev, Klementy"]
[Black "Artemiev, Vladislav"]
[Result "0-1"]
[WhiteElo "2534"]
[BlackElo "2706"]
[Annotator "TA"]
[PlyCount "96"]
[EventDate "2018.10.05"]
[EventType "swiss"]
[EventCountry "RUS"]
[SourceTitle "playchess.com"]
[Source "ChessBase"]
[SourceQuality "1"]

{[%evp 18,96,27,24,43,47,46,35,48,19,36,12,35,0,0,0,0,0,0,-40,-28,-33,-35,-39,-28,-35,-29,-80,-50,-44,-50,-39,-39,-61,-56,-58,-54,-52,0,-46,-39,-92,-85,-84,-84,-80,-94,-78,-70,-102,-51,-51,-51,-51,-48,-51,-53,-64,-70,-72,-68,-125,-128,-118,-118,-222,-135,-222,-217,-226,-227,-220,-220,-293,-239,-235,104,104,104,-6379,-6379]} 1. e4 c6 2. d4 d5 3. e5 Bf5 4. Nf3 e6 5. Be2 Nd7 6. O-O Bg6 7. Nbd2 {B12: Caro-Kann: Advance Variation} Nh6 8. Nb3 Nf5 9. Bd2 Rc8 10. Rc1 {LiveBook: 15 Games} Be7 11. g4 Nh6 12. h3 O-O 13. c3 $146 ({Predecessor:} 13. Bd3 Kh8 14. Qe2 {½-½ (51) Rublevsky,S (2695)-Asrian,K (2630) Dagomys 2008}) 13... f6 14. exf6 Rxf6 15. g5 Rxf3 $1 16. Bxf3 Bxg5 17. Bg4 Bf5 18. f4 Bh4 19. Qe2 Qe8 20. Be1 Bd8 21. Bxf5 Nxf5 22. Bf2 (22. Nc5 $11) 22... Qg6+ {[%mdl 1024] Black has strong compensation.} 23. Qg4 Qf7 24. Rce1 Nf6 25. Qe2 Ne4 26. Nc5 Nfd6 27. Qg4 b6 (27... Bb6 $15) 28. Nxe4 Nxe4 29. Be3 {[#]} (29. Re2 $15) 29... h5 $1 $17 {[%cal Rh5g4]} 30. Qg2 Bh4 31. Rd1 Qf5 32. Rf3 Rf8 33. Kh2 Kh7 (33... g5 $17 34. Rg1 Kh7) 34. Rdf1 Be7 35. Kh1 Rf6 {And now ...Rg6 would win.} 36. Rg1 {[%csl Gg1][%cal Rg2g7]} Rf7 37. Rff1 Bd6 38. Qf3 h4 39. Kh2 {[#]} (39. Qg4 $15) 39... Ng3 $1 40. Rxg3 hxg3+ 41. Kxg3 (41. Qxg3 $17 Kg8 42. Rf2) 41... Rf6 42. Kh2 (42. Rg1 $17) 42... g5 $1 $19 {[%cal Bg7g5,Bg5f4,Bf4f3,Bf3e2][%mdl 32]} 43. Rg1 gxf4 44. Bf2 Rh6 45. Re1 Kg7 46. Re2 Rxh3+ $2 ({Better is} 46... a5 $19 {Threatens to win with ...Kf7.} 47. b3 Qb1) 47. Qxh3 $16 f3+ 48. Bg3 $2 {[%mdl 8192]} (48. Re5 $16) 48... fxe2 {Precision: White = 41%, Black = 76%.} 0-1

[Event "RUS-chT Rapid Men 2018"]
[Site "Sochi"]
[Date "2018.10.09"]
[Round "8"]
[White "Shariyazdanov, Andrey"]
[Black "Triapishko, Alexandr"]
[Result "0-1"]
[WhiteElo "2526"]
[BlackElo "2508"]
[Annotator "TA"]
[PlyCount "120"]
[EventDate "2018.10.05"]
[EventType "swiss"]
[EventCountry "RUS"]
[SourceTitle "playchess.com"]
[Source "ChessBase"]
[SourceQuality "1"]

{[%evp 14,120,-22,-30,-37,-43,-30,-33,-32,-26,-46,-42,-43,-50,-28,-59,-68,-66,-73,-82,-95,-84,-61,-89,-100,-100,-80,-162,-156,-154,-148,-177,-176,-172,-167,-168,-177,-235,-225,-256,-207,-210,-170,-175,-143,-147,-140,-146,-143,-162,-162,-161,-158,-161,-142,-141,-144,-151,-122,-151,-126,-162,-118,-181,-164,-179,-175,-192,-173,-175,-105,-105,-105,-133,-133,-106,-113,-181,-87,-68,-66,-201,-153,-205,-201,-197,-204,-178,-143,-307,-48,-147,-57,-104,-87,-87,-87,-87,-87,-6207,-5631,-29995,-29996,-29996,-29997,-29997,-29998,-29998,-29999]} 1. b3 Nf6 2. Bb2 g6 3. Bxf6 exf6 4. c4 d5 5. cxd5 Qxd5 6. Nc3 {A01: Nimzowitsch-Larsen Opening} Qd8 7. g3 c6 8. Bg2 {LiveBook: 3 Games. The position is equal.} Ba3 9. Nf3 Na6 $146 ({Predecessor:} 9... Bf5 10. e4 Bg4 11. O-O Nd7 12. Rb1 {0-1 (35) Sean,W (2439)-Demchenko,A (2679) Surakarta 2018}) 10. O-O O-O 11. Ne1 Qa5 12. Rb1 Bb4 13. Qc2 Re8 14. Nd3 Bf5 15. e4 Be6 16. Nf4 Rad8 17. Rfd1 Bg4 18. f3 $1 {[%cal Rf3g4]} Bc8 19. Nfe2 f5 20. Kh1 (20. d4 $17) 20... fxe4 $19 21. Nxe4 Be7 22. d4 Nb4 23. Qc3 Qxa2 24. Nf4 Qa5 25. Nc5 (25. Re1 $142) 25... Qb6 26. Re1 a5 27. Rbd1 Qc7 28. Ne4 {Black should prevent d5!} Bf5 29. d5 Bxe4 $1 30. fxe4 Bd6 31. Nd3 Nxd3 32. Qxd3 cxd5 33. exd5 Rxe1+ 34. Rxe1 Qd7 35. Ra1 Re8 36. Bf1 Bb4 37. Qf3 Qd6 38. Rd1 (38. Bc4 $17) 38... Kg7 39. Qd3 b6 40. Qd4+ Kg8 41. Bb5 Re1+ (41... Bc5 $19 42. Qf4 Re5) 42. Rxe1 $17 Bxe1 43. Bc6 Bb4 44. Qxb6 Qe5 45. Qf2 (45. Qd8+ $17 Kg7 46. Qe8) 45... Bd6 (45... Qe4+ $19 {and Black stays clearly on top.} 46. Kg1 Bd6) 46. Kg2 h5 47. Qc2 (47. Qf3 $15) 47... Kg7 48. Qf2 (48. Qd1 $17) 48... g5 $19 {[%cal Bg6g5,Bg5g4][%mdl 32]} 49. Qc2 g4 50. Kf1 f5 51. Bd7 $2 (51. Qd2 $17) 51... Kf6 $2 ({Less strong is} 51... Qxd5 52. Qxf5 Qh1+ 53. Ke2 $17) (51... f4 $19 52. gxf4 Qxf4+ 53. Qf2 Qc1+ 54. Qe1 Qxe1+ 55. Kxe1 Bxh2) 52. Be6 {[#]} (52. Qc8 $1 $15) 52... h4 ({Black should try} 52... f4 $1 $17 {[%cal Rf4f3]} 53. Qe2 Qa1+ 54. Qe1 Qxe1+ 55. Kxe1 fxg3) 53. Qc8 Qa1+ 54. Ke2 {And now Qh8+ would win.} Qb2+ 55. Kf1 {Black must now prevent Qh8+.} Qb1+ ({Don't play} 55... Qxh2 $6 56. Qh8+ Kg6 57. Qg8+ Kh6 58. Qh8+ Kg6 59. Qg8+ Kh6 60. Qh8+ Kg6 $11) 56. Ke2 $2 {[%mdl 8192] [#]} (56. Kf2 $17) 56... Qe4+ 57. Kd1 Qd3+ {Black mates.} 58. Ke1 Bb4+ 59. Kf2 Qd2+ 60. Kf1 Qe1+ {Precision: White = 26%, Black = 60%.} 0-1

[Event "RUS-chT Rapid Men 2018"]
[Site "Sochi"]
[Date "2018.10.09"]
[Round "8"]
[White "Shcherbakov, Ruslan"]
[Black "Zvjaginsev, Vadim"]
[Result "0-1"]
[WhiteElo "2516"]
[BlackElo "2644"]
[Annotator "TA"]
[PlyCount "94"]
[EventDate "2018.10.05"]
[EventType "swiss"]
[EventCountry "RUS"]
[SourceTitle "playchess.com"]
[Source "ChessBase"]
[SourceQuality "1"]

{[%evp 23,94,25,27,12,13,0,29,17,18,16,23,16,16,9,14,15,12,8,4,-12,-18,-14,-9,-198,-223,-218,-223,-255,-199,-255,-255,-254,-253,-254,-252,-244,-248,-241,-241,-235,-235,-206,-194,-266,-264,-263,-244,-410,-410,-410,-128,-400,-397,-29974,-29975,-29974,-29976,-29976,-29977,-29976,-29976,-29980,-29981,-29984,-29985,-29985,-29985,-29985,-29986,-29986,-29987,-29987,-29988]} 1. e4 c5 2. Nf3 Nc6 3. Bb5 g6 4. Bxc6 bxc6 5. O-O Bg7 6. Re1 e5 7. c3 Ne7 8. d4 cxd4 9. cxd4 exd4 10. Nxd4 O-O 11. Nc3 Rb8 12. e5 {B31: Sicilian: 2...Nc6 3 Bb5 g6} (12. Nb3 d5 13. Bg5 h6 14. Be3 a5 15. Bc5 Re8 16. Qd2 Be6 17. Rad1 Kh7 18. h3 Qc7 19. Nd4 Rbd8 20. Qe3 {1-0 (48) Caruana,F (2811)-Iturrizaga Bonelli,E (2650) chess.com INT 2018}) 12... c5 {LiveBook: 3 Games} 13. Ndb5 $146 ({Predecessor:} 13. Nf3 Bb7 14. Bg5 h6 15. Be3 Qa5 16. Qd6 Bxf3 17. Qxe7 Bc6 18. Qxc5 Qxc5 19. Bxc5 Rfe8 20. Bxa7 Rxb2 {0-1 (39) Koziol,K (2257)-Szpar,M (2349) Kudowa-Zdroj 2018}) 13... Nf5 14. Bf4 {The position is equal.} Bb7 15. Nd6 Nxd6 16. Qxd6 Qh4 17. Bg3 Qd4 18. Rad1 Qxd6 $1 19. Rxd6 Bc6 20. b3 Rfe8 21. Nd5 c4 $36 {[%mdl 2048] Black is pushing.} 22. bxc4 Bxe5 23. h4 $2 (23. f3 $11 Bxd6 24. Nf6+ Kh8 25. Rxe8+ Rxe8 26. Nxe8 Bxg3 27. hxg3) 23... Bxd6 $19 24. Nf6+ Kh8 25. Rxe8+ Rxe8 26. Nxe8 Bxg3 27. fxg3 {[%mdl 4096] Endgame KB-KN} d5 28. Nd6 dxc4 {aiming for ...c3.} 29. Kf2 Kg7 30. Ke3 Bxg2 31. Kd4 Kf6 32. Nxc4 Ke6 33. a4 (33. Ne3 {might work better.} Bb7 34. Nc2) 33... f6 34. a5 {[#]} g5 $1 35. hxg5 $2 (35. Ne3 {keeps fighting.} Bb7 36. Nc2) 35... fxg5 36. g4 Bd5 $2 (36... Bf3 $19 37. Ne5 Bd5) 37. Ne5 $2 {[%mdl 8192]} (37. Nd2 $17) 37... Kd6 38. Nc4+ $2 {[#]} (38. Nd3 $19 Be6 39. Nf2) 38... Bxc4 $1 {Black mates.} 39. Kxc4 {K3P-KPP} Kc6 40. Kb4 a6 {[%cal Ba7a6,Ba6a5,Ba5a4,Ba4a3][%mdl 32]} 41. Kc4 h6 42. Kd4 Kb5 43. Ke5 Kxa5 44. Kf5 Kb4 45. Kg6 a5 46. Kxh6 a4 47. Kxg5 a3 {Precision: White = 40%, Black = 80%.} 0-1

[Event "RUS-chT Rapid Men 2018"]
[Site "Sochi"]
[Date "2018.10.09"]
[Round "8"]
[White "Demidov, Mikhail"]
[Black "Timofeev, Artyom"]
[Result "0-1"]
[WhiteElo "2514"]
[BlackElo "2580"]
[Annotator "ChessBase"]
[PlyCount "88"]
[EventDate "2018.10.05"]
[EventType "swiss"]
[EventCountry "RUS"]
[SourceTitle "playchess.com"]
[Source "ChessBase"]
[SourceQuality "1"]
[TimeControl "900+10"]

1. Nf3 {[%emt 0:00:00]} c5 {[%emt 0:00:00]} 2. b3 {[%emt 0:00:18]} d6 {[%emt 0:00:05]} 3. Bb2 {[%emt 0:00:03]} e5 {[%emt 0:00:03]} 4. e4 {[%emt 0:00:31]} Nf6 {[%emt 0:00:10]} 5. Bb5+ {[%emt 0:00:05]} Nbd7 {[%emt 0:00:17]} 6. O-O {[%emt 0:01:16]} a6 {[%emt 0:00:48]} 7. Bd3 {[%emt 0:00:14]} Be7 {[%emt 0:00:00]} 8. c3 {[%emt 0:00:08]} O-O {[%emt 0:00:10]} 9. Bc2 {[%emt 0:00:01]} d5 {[%emt 0:02:01]} 10. exd5 {[%emt 0:01:18]} Nxd5 {[%emt 0:00:07]} 11. Re1 {[%emt 0:00:20]} Bf6 {[%emt 0:00:23]} 12. Na3 {[%emt 0:00:34]} Qc7 {[%emt 0:00:54]} 13. Qe2 {[%emt 0:03:27]} g6 {[%emt 0:02:20]} 14. Nc4 {[%emt 0:00:28]} b5 {[%emt 0:01:47]} 15. Ncxe5 {[%emt 0:00:54]} Nxe5 {[%emt 0:00:05]} 16. Nxe5 {[%emt 0:00:01]} Bb7 {[%emt 0:00:01]} 17. g3 {[%emt 0:04:47]} Rfe8 {[%emt 0:00:33]} 18. d4 {[%emt 0:00:04]} b4 {[%emt 0:00:02]} 19. c4 {[%emt 0:01:38]} Nc3 {[%emt 0:00:10]} 20. Bxc3 {[%emt 0:01:04]} bxc3 {[%emt 0:00:01]} 21. Be4 {[%emt 0:00:17]} cxd4 {[%emt 0:00:29]} 22. Bxb7 {[%emt 0:00:04]} Qxb7 {[%emt 0:00:13]} 23. f4 {[%emt 0:00:01]} Bxe5 {[%emt 0:04:25]} 24. fxe5 {[%emt 0:00:01]} Rad8 {[%emt 0:00:01]} 25. Qd3 {[%emt 0:00:01]} Qc7 {[%emt 0:00:17]} 26. e6 {[%emt 0:01:16]} fxe6 {[%emt 0:00:44]} 27. b4 {[%emt 0:00:05]} e5 {[%emt 0:00:02]} 28. c5 {[%emt 0:00:01]} Qc6 {[%emt 0:00:01]} 29. Re4 {[%emt 0:00:02]} Qb5 {[%emt 0:00:13]} 30. Qb1 {[%emt 0:00:08]} Qc4 {[%emt 0:00:10]} 31. Qc2 {[%emt 0:00:13]} Rf8 {[%emt 0:00:50]} 32. Rae1 {[%emt 0:00:34]} Rf3 {[%emt 0:00:21]} 33. Rxe5 {[%emt 0:00:04]} d3 {[%emt 0:00:12]} 34. Qd1 {[%emt 0:00:04]} Rdf8 {[%emt 0:00:48]} 35. Re8 {[%emt 0:00:20]} Qd4+ {[%emt 0:00:15]} 36. Kg2 {[%emt 0:00:01]} Rf2+ {[%emt 0:00:07]} 37. Kh3 {[%emt 0:00:05]} Qd7+ {[%emt 0:00:02]} 38. R8e6 {[%emt 0:00:02]} d2 {[%emt 0:00:15]} 39. c6 {[%emt 0:00:17]} dxe1=Q {[%emt 0:00:35]} 40. Qxd7 {[%emt 0:00:10]} Rxh2+ {[%emt 0:00:30]} 41. Kg4 {[%emt 0:00:18]} h5+ {[%emt 0:00:05]} 42. Kg5 {[%emt 0:00:01]} Qxg3+ {[%emt 0:00:02]} 43. Kh6 {[%emt 0:00:02]} Qf4+ {[%emt 0:00:01]} 44. Kxg6 {[%emt 0:00:01]} Rg2+ {[%emt 0:00:01]} 0-1

[Event "RUS-chT Rapid Men 2018"]
[Site "Sochi"]
[Date "2018.10.09"]
[Round "8"]
[White "Hasangatin, Ramil"]
[Black "Apryshko, Gleb"]
[Result "0-1"]
[WhiteElo "2485"]
[BlackElo "2399"]
[Annotator "ChessBase"]
[PlyCount "100"]
[EventDate "2018.10.05"]
[EventType "swiss"]
[EventCountry "RUS"]
[SourceTitle "playchess.com"]
[Source "ChessBase"]
[SourceQuality "1"]
[TimeControl "900+10"]

1. e4 {[%emt 0:00:00]} g6 {[%emt 0:00:00]} 2. d4 {[%emt 0:00:00]} Bg7 {[%emt 0:00:00]} 3. Nf3 {[%emt 0:00:00]} d6 {[%emt 0:00:00]} 4. c3 {[%emt 0:00:00]} e5 {[%emt 0:00:00]} 5. dxe5 {[%emt 0:00:43]} dxe5 {[%emt 0:00:00]} 6. Qxd8+ {[%emt 0:00:01]} Kxd8 {[%emt 0:00:00]} 7. Bc4 {[%emt 0:00:14]} f6 {[%emt 0:00:04]} 8. Be3 {[%emt 0:03:42]} Bh6 {[%emt 0:00:17]} 9. Ke2 {[%emt 0:00:10]} Bxe3 {[%emt 0:00:38]} 10. Kxe3 {[%emt 0:00:01]} Nh6 {[%emt 0:00:00]} 11. Nbd2 {[%emt 0:00:29]} a5 {[%emt 0:00:41]} 12. Ne1 {[%emt 0:01:36]} Ke7 {[%emt 0:00:27]} 13. Nd3 {[%emt 0:00:27]} Nd7 {[%emt 0:00:21]} 14. a3 {[%emt 0:00:33]} a4 {[%emt 0:00:35]} 15. Nb4 {[%emt 0:00:46]} c6 {[%emt 0:00:11]} 16. f3 {[%emt 0:00:23]} Nc5 {[%emt 0:00:19]} 17. Rad1 {[%emt 0:00:25]} Bd7 {[%emt 0:00:32]} 18. Nd3 {[%emt 0:00:20]} Ra5 {[%emt 0:00:08]} 19. Rhe1 {[%emt 0:01:00]} Rd8 {[%emt 0:00:04]} 20. Nf1 {[%emt 0:01:02]} Ne6 {[%emt 0:00:29]} 21. Kd2 {[%emt 0:01:36]} Nf4 {[%emt 0:00:34]} 22. Nxf4 {[%emt 0:00:22]} exf4 {[%emt 0:01:12]} 23. Kc2 {[%emt 0:01:13]} Rg5 {[%emt 0:00:08]} 24. Re2 {[%emt 0:00:42]} Be6 {[%emt 0:03:32]} 25. Bxe6 {[%emt 0:00:48]} Rxd1 {[%emt 0:00:01]} 26. Kxd1 {[%emt 0:00:01]} Kxe6 {[%emt 0:00:01]} 27. Nd2 {[%emt 0:00:51]} b5 {[%emt 0:00:01]} 28. c4 {[%emt 0:01:22]} Nf7 {[%emt 0:01:12]} 29. cxb5 {[%emt 0:00:01]} cxb5 30. Nb1 Nd6 {[%emt 0:00:49]} 31. Nc3 {[%emt 0:00:10]} Rc5 {[%emt 0:00:00]} 32. g3 {[%emt 0:00:45]} Nc4 {[%emt 0:01:16]} 33. Kc2 g5 34. Rf2 {[%emt 0:00:44]} Rc8 {[%emt 0:00:56]} 35. Kd3 {[%emt 0:00:11]} Rd8+ {[%emt 0:00:11]} 36. Kc2 {[%emt 0:00:09]} Ne3+ 37. Kc1 h5 {[%emt 0:00:42]} 38. gxf4 {[%emt 0:00:18]} gxf4 {[%emt 0:00:00]} 39. h4 {[%emt 0:00:01]} Rd7 {[%emt 0:01:47]} 40. Rd2 {[%emt 0:00:09]} Rc7 {[%emt 0:00:01]} 41. Rd8 {[%emt 0:00:16]} Rc5 {[%emt 0:00:19]} 42. Re8+ {[%emt 0:00:10]} Kf7 {[%emt 0:00:01]} 43. Rb8 {[%emt 0:00:14]} Ng2 {[%emt 0:00:03]} 44. Kd2 {[%emt 0:00:08]} Nxh4 {[%emt 0:00:02]} 45. Ke2 {[%emt 0:00:02]} Rg5 {[%emt 0:00:00]} 46. Rxb5 {[%emt 0:00:05]} Rg3 {[%emt 0:00:15]} 47. Rxh5 {[%emt 0:00:16]} Nxf3 {[%emt 0:00:01]} 48. Nd5 {[%emt 0:00:19]} Nd4+ {[%emt 0:00:04]} 49. Kf2 {[%emt 0:00:09]} Rb3 {[%emt 0:00:02]} 50. Nxf4 {[%emt 0:00:11]} Rf3+ {[%emt 0:00:01]} 0-1

[Event "RUS-chT Rapid Men 2018"]
[Site "Sochi"]
[Date "2018.10.09"]
[Round "8"]
[White "Usmanov, Vasily"]
[Black "Oganian, Miran"]
[Result "0-1"]
[WhiteElo "2453"]
[BlackElo "2435"]
[Annotator "TA"]
[PlyCount "126"]
[EventDate "2018.10.05"]
[EventType "swiss"]
[EventCountry "RUS"]
[SourceTitle "playchess.com"]
[Source "ChessBase"]
[SourceQuality "1"]

{[%evp 9,126,11,17,11,12,12,16,0,0,0,0,-16,-6,-10,-9,-13,-16,-11,0,-21,-16,-34,-31,-38,-32,-44,-36,-32,0,-29,2,-57,-64,-62,-29,-88,-88,-134,-95,-106,-117,-105,-91,-94,-38,-37,-39,-38,-25,-152,-152,-152,-152,-158,-151,-185,-194,-195,-191,-219,-174,-170,-171,-180,-198,-343,-343,-318,-336,-353,-318,-367,-355,-562,-355,-855,-818,-1129,-1123,-1052,-1091,-973,-990,-965,-965,-964,-866,-859,-852,-3621,-2988,-1745,-1599,-29965,-29967,-29964,-29966,-29966,-29967,-29965,-29966,-29943,-6091,-29980,-29981,-29981,-29982,-29982,-29982,-29980,-29977,-29985,-29986,-29987,-29988,-29986,-29987,-29987,-29986]} 1. Nf3 d5 2. e3 Nf6 3. c4 e6 4. Nc3 dxc4 (4... Be7 5. b3 O-O 6. Bb2 b6 7. cxd5 Nxd5 8. Nxd5 exd5 9. Qc2 c5 10. a3 Nc6 11. Bb5 Bb7 12. O-O Rc8 13. Rac1 a6 14. Be2 d4 {½-½ (36) Carlsen,M (2843)-Karjakin,S (2782) Stavanger 2018}) 5. Bxc4 a6 {LiveBook: 18 Games} 6. O-O {A17: English Opening: 1...Nf6 with ...Bb4} b5 7. Be2 Bb7 8. b3 {The position is equal.} c5 9. Bb2 Be7 $146 ({Predecessor:} 9... Bd6 10. d3 O-O 11. a4 {½-½ (40) Perini,G (1871)-Garini,G (2148) ICCF email 2008}) 10. a4 b4 11. Nb1 {[%cal Bc3b1,Bb1d2,Bd2e4][%mdl 32]} O-O 12. d3 Nd5 13. Qc2 Nd7 14. Nbd2 Bf6 15. Ne4 Bxb2 16. Qxb2 Qe7 17. Rac1 Rac8 (17... f5 {looks sharper.} 18. Ned2 Rac8 19. Rfe1 Nc3 20. Nc4 Bd5) 18. Ne5 N7f6 19. Nxf6+ Nxf6 20. Rc4 (20. e4 $11) 20... Nd5 $15 21. Rfc1 Nc3 22. Bf3 (22. R4xc3 $11 bxc3 23. Qxc3) 22... Bd5 $17 23. Rg4 Qd6 24. Rxc3 bxc3 25. Qxc3 f6 {[%cal Bf7f6,Bf6f5][%mdl 32]} 26. Nc4 Qe7 (26... Qc7 $17 27. h3 Bxf3 28. gxf3 Rcd8) 27. Nb6 $1 $15 Rcd8 $36 {[%mdl 2048] Threatens to win with ...Bxf3. Black fights for an advantage.} 28. Nxd5 exd5 29. d4 (29. g3 $11 {keeps the balance.}) 29... f5 $17 30. Rg3 cxd4 31. Qxd4 {[#]} Qf6 $1 32. h4 Qxd4 33. exd4 $19 {[%mdl 4096] Endgame KRR-KRB} Rfe8 34. Kf1 a5 35. Rg5 g6 {[%cal Bg7g6,Bg6f5][%mdl 32]} 36. g4 Rf8 37. Ke2 (37. h5 {was the only defense.}) 37... Kg7 38. gxf5 Rxf5 39. Rxf5 gxf5 {KR-KB} 40. Ke3 Kf6 41. Kf4 (41. Kd2 {might work better.}) 41... h6 42. Bg2 $2 {[#]} (42. Ke3) 42... Rb8 43. Bxd5 Rd8 44. Bc4 Rxd4+ 45. Kg3 Rg4+ 46. Kh3 Ke5 47. Bf7 Kf4 48. Bd5 Rg7 49. Bc6 Rc7 50. Bd5 Rc5 51. Bb7 Rc3+ 52. Kg2 Rxb3 53. Bd5 Ra3 54. Bc6 Kg4 55. Bd7 Kxh4 56. Bxf5 Rxa4 {Black mates.} 57. Kf3 Kg5 58. Bd7 Rf4+ 59. Ke3 h5 {[%cal Bh6h5,Bh5h4][%mdl 32]} 60. f3 h4 61. Bc8 a4 {[%cal Ba5a4,Ba4a3][%mdl 32]} 62. Bd7 a3 63. Be6 Rb4 {Precision: White = 34%, Black = 80%.} 0-1

[Event "RUS-chT Rapid Men 2018"]
[Site "Sochi"]
[Date "2018.10.09"]
[Round "8"]
[White "Lugovskoy, Maxim"]
[Black "Romanov, Evgeny"]
[Result "1-0"]
[WhiteElo "2428"]
[BlackElo "2614"]
[Annotator "TA"]
[PlyCount "81"]
[EventDate "2018.10.05"]
[EventType "swiss"]
[EventCountry "RUS"]
[SourceTitle "playchess.com"]
[Source "ChessBase"]
[SourceQuality "1"]

{[%evp 11,81,0,10,0,0,0,10,0,0,-1,-1,-4,-7,0,0,-23,-20,-27,-23,-37,-20,-18,-16,-16,-12,-15,-14,-18,-14,-22,-14,-36,-19,-46,-19,-16,0,0,0,-9,-3,-19,-13,-54,-58,-110,-43,-75,-9,-9,-9,-10,0,0,0,0,0,0,0,0,12,0,0,0,0,0,938,925,903,844,29996,29997]} 1. e4 {Schussler,H} e5 2. Nf3 Nc6 3. Nc3 Nf6 4. Bb5 Bc5 5. d3 d6 6. Be3 {C48: Vierspringerspiel (Rubinstein-Variante)} (6. Bxc6+ bxc6 7. h3 O-O 8. O-O Kh8 9. d4 exd4 10. Nxd4 Bd7 11. Bg5 Qe8 12. Nb3 Bb6 13. a4 a5 {1-0 (58) Kovalev,V (2639)-Aronian,L (2805) Riadh 2017}) 6... Bb6 {LiveBook: 5 Partien} 7. Nd5 Bxe3 8. fxe3 {Die Stellung ist ausgeglichen.} a6 $146 ({Vorgänger:} 8... O-O 9. Nc3 Ne7 10. Qd2 Ng6 11. O-O Bd7 12. Bc4 Be6 13. Bb3 Bxb3 14. axb3 {1-0 (48) Wahls,M (2560)-Wegner,H (2435) Hamburg 1991 CBM 024 [Schussler,H]}) 9. Bxc6+ (9. Nxf6+ {keeps more tension.} Qxf6 10. Ba4 Qh6 11. Qe2 O-O 12. O-O) 9... bxc6 10. Nxf6+ Qxf6 11. O-O Qe7 12. Qe1 O-O 13. Qg3 a5 14. Rf2 a4 15. Raf1 Rb8 16. b3 axb3 17. axb3 Ra8 18. Nh4 f6 19. Nf5 Bxf5 20. exf5 d5 21. Qh4 Qc5 22. d4 exd4 23. exd4 Qe7 24. Rf3 Rfe8 25. Rh3 h6 26. Rg3 Qd6 27. Rg6 Kf8 28. Qh5 (28. Qg3 $15) 28... Re7 ({Besser ist} 28... Qb4 $1 $17 {[%cal Rb4d4]} 29. Qd1 Re4) 29. Rg3 Ra2 (29... c5 $17 30. c3 cxd4) 30. Qg6 $1 $11 Kg8 31. h3 c5 32. dxc5 $1 Qxc5+ 33. Kh2 $1 Kh8 ({Nur nicht} 33... Qxc2 $2 34. Re1 $1 $18 {[%mdl 512]}) 34. Re1 Rxc2 {[#]} 35. b4 $1 {[%mdl 512]} Qd6 {[#] und nun wäre ...Tc6 stark für Schwarz.} (35... Qxb4 36. Re6) 36. Re6 $1 {[%mdl 512]} Qxb4 (36... Rxe6 37. Qxg7#) 37. Rg4 Rc4 $1 {[%cal Rc4g4] Droht stark ...Txg4.} 38. Rg3 $40 {[%mdl 128] Weiss startet einen Angriff.} Re4 $2 {[%mdl 8192] [#]} (38... Rc2 $11) 39. Rxf6 $1 $18 {[%cal Rf6f8][%mdl 512]} Qb8 {[#]} (39... gxf6 40. Qg8#) 40. Qh5 $3 {[%mdl 512] Droht Matt per Txh6+!} Qe8 {[#]} 41. Rxh6+ $1 {[%mdl 512] Precision: Weiß = 56%, Schwarz = 52%.} 1-0